[Event "Wch U18"]
[Site "Florianopolis"]
[Date "2024.11.05"]
[Round "7"]
[White "Badacsonyi, Frankie"]
[Black "Siraj, Svit"]
[Result "0-1"]
[WhiteElo "2258"]
[BlackElo "2047"]
[PlyCount "130"]
[EventDate "2024.10.29"]
[EventType "swiss"]
[EventRounds "11"]
[EventCountry "BRA"]
[SourceTitle "CB45_2024"]
[Source "ChessBase"]
[SourceDate "2024.11.06"]
[SourceVersion "1"]
[SourceVersionDate "2024.11.06"]
[SourceQuality "1"]

1. Nf3 d5 2. c4 e6 3. d4 Nf6 4. g3 dxc4 5. Bg2 Nc6 6. Qa4 Bb4+ 7. Bd2 Nd5 8. Bxb4 Ndxb4 9. 0-0 Rb8 10. Na3 0-0 11. Qb5 b6 12. Qxc4 Ba6 13. Nb5 Qd5 14. Qxd5 Nxd5 15. a4 Na5 16. Ne5 Rbd8 17. Bxd5 Bxb5 18. axb5 Rxd5 19. b4 Nb3 20. Nc6 Nxa1 21. Ne7+ Kh8 22. Nxd5 Nc2 23. Nxc7 Rc8 24. Na6 Nxd4 25. Rd1 Rc1 26. Rxc1 Nxe2+ 27. Kf1 Nxc1 28. Nb8 Na2 29. Nc6 Nc3 30. Nxa7 Nd5 31. Nc6 g5 32. Ke1 Kg7 33. Kd2 f5 34. Kd3 Kf6 35. Kd4 Nc7 36. Kc4 Ne8 37. Na7 Nd6+ 38. Kd4 h5 39. f4 g4 40. Kd3 e5 41. fxe5+ Kxe5 42. Nc6+ Kf6 43. Nd4 f4 44. gxf4 Nf5 45. Ne2 h4 46. Nc3 Nd6 47. Ke3 Kf5 48. Nd5 Nc4+ 49. Kd3 g3 50. hxg3 h3 51. Kxc4 h2 52. Nxb6 h1Q 53. Nd5 Ke6 54. Nc3 Kd6 55. Kd4 Qg1+ 56. Kc4 Qe3 57. f5 Ke5 58. g4 Qf4+ 59. Kb3 Qxg4 60. b6 Qxf5 61. Na4 Qe6+ 62. Ka3 Qc6 63. Nc5 Kd4 64. b7 Qb5 65. Kb3 Qb6 0-1

[Event "Wch U18"]
[Site "Florianopolis"]
[Date "2024.11.03"]
[Round "6"]
[White "Siraj, Svit"]
[Black "Kulik, Nicolas"]
[Result "1-0"]
[WhiteElo "2047"]
[BlackElo "2130"]
[PlyCount "85"]
[EventDate "2024.10.29"]
[EventType "swiss"]
[EventRounds "11"]
[EventCountry "BRA"]
[SourceTitle "CB45_2024"]
[Source "ChessBase"]
[SourceDate "2024.11.06"]
[SourceVersion "1"]
[SourceVersionDate "2024.11.06"]
[SourceQuality "1"]

1. e4 c5 2. Nf3 Nc6 3. Bb5 g6 4. c3 Bg7 5. d4 Qb6 6. Bxc6 bxc6 7. dxc5 Qxc5 8. 0-0 Nf6 9. Be3 Qh5 10. Nbd2 0-0 11. h3 d6 12. Nd4 Qxd1 13. Rfxd1 c5 14. Nc6 Re8 15. e5 Nd5 16. exd6 exd6 17. Nc4 Nxe3 18. Nxe3 a5 19. Nc4 d5 20. Nd6 Bd7 21. Nxe8 Rxe8 22. Nxa5 Ra8 23. Rxd5 Be6 24. Rxc5 Bf8 25. Rb5 Bd7 26. Rb7 Bc8 27. Rc7 Bd6 28. Rc6 Bf8 29. b4 Bd7 30. Rc7 Be6 31. a4 Bd6 32. Rc6 Bf8 33. Rxe6 fxe6 34. Nc6 Bg7 35. b5 Bxc3 36. Rc1 Bd2 37. Rc4 g5 38. b6 Bf4 39. b7 Ra6 40. Rxf4 h6 41. b8Q+ Kg7 42. Qf8+ Kg6 43. Qf7# 1-0

[Event "Wch U18"]
[Site "Florianopolis"]
[Date "2024.10.29"]
[Round "1"]
[White "Elmi, Saad Abobaker"]
[Black "Siraj, Svit"]
[Result "1-0"]
[WhiteElo "2382"]
[BlackElo "2047"]
[PlyCount "69"]
[EventDate "2024.10.29"]
[EventType "swiss"]
[EventRounds "11"]
[EventCountry "BRA"]
[SourceTitle "CB45_2024"]
[Source "ChessBase"]
[SourceDate "2024.11.06"]
[SourceVersion "1"]
[SourceVersionDate "2024.11.06"]
[SourceQuality "1"]

1. d4 d5 2. c4 dxc4 3. Nf3 Nf6 4. e3 e6 5. Bxc4 c5 6. 0-0 Nc6 7. Nc3 a6 8. dxc5 Qxd1 9. Rxd1 Bxc5 10. b3 0-0 11. Bb2 b5 12. Bd3 Bb7 13. Rac1 Be7 14. Ne4 Rfd8 15. Bb1 Rxd1+ 16. Rxd1 Nxe4 17. Bxe4 Rd8 18. Rc1 Nd4 19. Bxh7+ Kxh7 20. Bxd4 Bd6 21. h3 a5 22. Bb6 Ra8 23. Rd1 Bf8 24. Ng5+ Kg6 25. Nxf7 a4 26. Ne5+ Kh7 27. Nd7 Bb4 28. Bc5 Bc3 29. Nf8+ Kg8 30. Nxe6 axb3 31. axb3 b4 32. Nd8 Be4 33. Ne6 Ra3 34. Rd8+ Kf7 35. Ng5+ 1-0

[Event "Piestany Slovakia op-A"]
[Site "Piestany"]
[Date "2024.07.15"]
[Round "7"]
[White "Shi, Roger V"]
[Black "Siraj, Svit"]
[Result "1-0"]
[WhiteElo "2005"]
[BlackElo "2114"]
[PlyCount "99"]
[EventDate "2024.07.09"]
[EventType "swiss"]
[EventRounds "9"]
[EventCountry "SVK"]
[SourceTitle "EXT 2025"]
[Source "ChessBase"]
[SourceDate "2024.10.14"]
[SourceVersion "1"]
[SourceVersionDate "2024.10.14"]
[SourceQuality "1"]

1. e4 e5 2. Nf3 Nc6 3. Bb5 g6 4. d4 exd4 5. Bg5 f6 6. Bf4 Bc5 7. Nbd2 d6 8. Nb3 g5 9. Bd2 Bd7 10. Qe2 Qe7 11. 0-0-0 0-0-0 12. Rhe1 Re8 13. Qc4 Qe6 14. Qxe6 Bxe6 15. Bxc6 bxc6 16. Nbxd4 g4 17. Nxe6 Rxe6 18. Ng1 Bxf2 19. Re2 Bd4 20. Be3 Bxe3+ 21. Rxe3 Ne7 22. Rdd3 Re8 23. Kd2 Ng6 24. Ra3 Kd7 25. Rxa7 f5 26. Ra4 f4 27. Re2 d5 28. exd5 Rxe2+ 29. Nxe2 f3 30. dxc6+ Kd6 31. gxf3 gxf3 32. Ng3 f2 33. Ra3 Ne5 34. Rc3 h5 35. Ne4+ Kd5 36. Nxf2 Nc4+ 37. Kc1 Re2 38. Rf3 Kxc6 39. h3 Re1+ 40. Nd1 Rh1 41. b3 Nd6 42. Kd2 Ne4+ 43. Ke2 Ng5 44. Rc3+ Kb7 45. Nf2 Rh2 46. Re3 Kb6 47. Kf1 Nxh3 48. Rxh3 Rxh3 49. Nxh3 Kb5 50. c3 1-0

[Event "Pula op 36th"]
[Site "Pula"]
[Date "2024.06.24"]
[Round "9"]
[White "Siraj, Svit"]
[Black "Zufic, Miroslav"]
[Result "0-1"]
[WhiteElo "2084"]
[BlackElo "2357"]
[PlyCount "68"]
[EventDate "2024.06.16"]
[EventType "swiss"]
[EventRounds "9"]
[EventCountry "CRO"]
[SourceTitle "CBM 220 Extra"]
[Source "ChessBase"]
[SourceDate "2024.07.31"]
[SourceVersion "1"]
[SourceVersionDate "2024.07.31"]
[SourceQuality "1"]

1. e4 g6 2. d4 Bg7 3. Be3 d6 4. Nc3 a6 5. Qd2 b5 6. a3 Bb7 7. f3 Nd7 8. Nge2 Nb6 9. Ng3 h5 10. h4 Nf6 11. Be2 Nfd7 12. Rd1 c5 13. dxc5 dxc5 14. Na2 Qc7 15. Rh3 0-0-0 16. Qc1 Ne5 17. b3 Rxd1+ 18. Bxd1 Rd8 19. Kf2 c4 20. Be2 Nc6 21. Rh1 Be5 22. Nf1 f5 23. f4 Bd4 24. e5 Nd5 25. bxc4 Nxe3 26. Nxe3 Nxe5 27. cxb5 Ng4+ 28. Bxg4 Qxf4+ 29. Bf3 Bxe3+ 30. Qxe3 Rd2+ 31. Qxd2 Qxd2+ 32. Kg3 Bxf3 33. gxf3 f4+ 34. Kh3 Qf2 0-1

[Event "Pula op 36th"]
[Site "Pula"]
[Date "2024.06.22"]
[Round "7"]
[White "Rubil, Marko"]
[Black "Siraj, Svit"]
[Result "0-1"]
[WhiteElo "2276"]
[BlackElo "2084"]
[PlyCount "70"]
[EventDate "2024.06.16"]
[EventType "swiss"]
[EventRounds "9"]
[EventCountry "CRO"]
[SourceTitle "CBM 220 Extra"]
[Source "ChessBase"]
[SourceDate "2024.07.31"]
[SourceVersion "1"]
[SourceVersionDate "2024.07.31"]
[SourceQuality "1"]

1. e4 e5 2. Nc3 Nf6 3. g3 Bc5 4. Bg2 0-0 5. Nge2 Nc6 6. d3 Re8 7. h3 Nd4 8. 0-0 Nxe2+ 9. Qxe2 h6 10. Kh2 c6 11. f4 d5 12. fxe5 Rxe5 13. Na4 Bf8 14. d4 Re8 15. e5 Nd7 16. c4 Nb6 17. Nxb6 axb6 18. cxd5 cxd5 19. Qd3 Be6 20. Bd2 Qd7 21. Qb3 b5 22. Rfc1 Ra4 23. Bf1 Rxd4 24. Bc3 Rc4 25. Bxc4 bxc4 26. Qb6 Bxh3 27. Qd4 Bf5 28. Rf1 Be4 29. Rf4 Qc6 30. Raf1 Bc5 31. Qd1 d4 32. Bd2 Rxe5 33. Rxf7 Qg6 34. R7f4 Rh5+ 35. Rh4 Rxh4+ 0-1